书目信息 |
| 题名: |
中国采暖区住宅建筑节能改造管理模式研究
|
|
| 作者: | 刘晓君 著 | |
| 分册: | ||
| 出版信息: | 北京 中国建筑工业出版社 2016.07 |
|
| 页数: | 182页 | |
| 开本: | 23cm | |
| 丛书名: | ||
| 单 册: | ||
| 中图分类: | TU832.5 | |
| 科图分类: | ||
| 主题词: | 居住建筑--采暖--节能--技术改造--研究--中国 | |
| 电子资源: | ||
| ISBN: | 978-7-112-19250-2 | |
| 000 | 01145nam0 2200241 450 | |
| 001 | 0100004781 | |
| 005 | 20191029101526.36 | |
| 010 | @a978-7-112-19250-2@dCNY28.00 | |
| 100 | @a20160720d2016 em y0chiy50 ea | |
| 101 | 0 | @achi |
| 102 | @aCN@b110000 | |
| 105 | @aak z 000yy | |
| 200 | 1 | @a中国采暖区住宅建筑节能改造管理模式研究@Azhong guo cai nuan qu zhu zhai jian zhu jie neng gai zao guan li mo shi yan jiu@f刘晓君[等]著 |
| 210 | @a北京@c中国建筑工业出版社@d2016.07 | |
| 215 | @a182页@c图@d23cm | |
| 304 | @a著者还有:赵延军,赵琰,陈砚祥 | |
| 330 | @a本书构建了政府主导的市场化的节能改造专业管理企业运作类型项目管理模式。在对多种类型管理模式进行比较的基础上,分析专业管理企业的企业定位、业务获取方式、取费标准,结合本书相关研究模型与方法,建立住宅节能改造专业管理企业运作型项目管理模式,即形成其商业模式和决策、前期、施工、验收与评估阶段的主要运作管理。对于该类型管理模式,进行相应的政府规制分析等。 | |
| 333 | @a居民建筑采暖相关研究人员 | |
| 606 | 0 | @a居住建筑@x采暖@x节能@x技术改造@x研究@y中国 |
| 690 | @aTU832.5@v5 | |
| 701 | 0 | @a刘晓君@Aliu xiao jun@4著 |
| 801 | 0 | @aCN@c201701015 |
| 905 | @a河南城建学院图书馆@dTU832.5@eL692 | |
| 中国采暖区住宅建筑节能改造管理模式研究/刘晓君[等]著.-北京:中国建筑工业出版社,2016.07 |
| 182页:图;23cm |
| 使用对象:居民建筑采暖相关研究人员 |
| ISBN 978-7-112-19250-2:CNY28.00 |
| 本书构建了政府主导的市场化的节能改造专业管理企业运作类型项目管理模式。在对多种类型管理模式进行比较的基础上,分析专业管理企业的企业定位、业务获取方式、取费标准,结合本书相关研究模型与方法,建立住宅节能改造专业管理企业运作型项目管理模式,即形成其商业模式和决策、前期、施工、验收与评估阶段的主要运作管理。对于该类型管理模式,进行相应的政府规制分析等。 |
| ● |
| 相关链接 |
|
|
|
正题名:中国采暖区住宅建筑节能改造管理模式研究
索取号:TU832.5/L692
 
预约/预借
| 序号 | 登录号 | 条形码 | 馆藏地/架位号 | 状态 | 备注 |
| 1 | 1244861 | 212448617 | 建筑库201/201建筑库 52排3列3层/ [索取号:TU832.5/L692] | 在馆 | |
| 2 | 1337244 | 213372447 | 建筑库201/201建筑库 52排3列3层/ [索取号:TU832.5/L692] | 在馆 | |
| 3 | 1337245 | 213372456 | 建筑库201/201建筑库 52排3列3层/ [索取号:TU832.5/L692] | 在馆 | |
| 4 | 1455032 | 214550323 | 建筑库201/201建筑库 52排3列3层/ [索取号:TU832.5/L692] | 在馆 | |
| 5 | 1455033 | 214550332 | 建筑库201/201建筑库 52排3列3层/ [索取号:TU832.5/L692] | 在馆 | |
| 6 | 1455034 | 214550341 | 建筑库201/201建筑库 52排3列3层/ [索取号:TU832.5/L692] | 在馆 |